000 00815cab a2200241 4500
001 WB3403-36
008 090401t1998 xxu||||| |||| 00| 0 eng d
035 _a(Sirsi) u83281
041 _aeng
245 _aVAT wasting houses
260 _c1998
350 _a0
490 _aTimes
_v21 January 1998, 37(1)
520 _aThe CPRE, Empty Homes Agency, Civic Trust and Chartered Institute of Housing are calling on government to lower the VAT rate on renovating empty properties from 17.5% to 5%, claiming that the high tax is dissuading people from refurbishment.
650 _aEMPTY HOMES
650 _aNEW HOMES
650 _aBUILT ENVIRONMENT-BUILDING MAINTENANCE AND REFURBISHMENT
650 _aRENOVATION
650 _aVALUE ADDED TAX
690 _aTAXATION
942 _n0
948 _c23/01/1998
999 _c52593
_d52593